| 000 | 01158nam0a22002651 4500 | ||
|---|---|---|---|
| 001 | RU\NLR\A1SV\83251 | ||
| 005 | 20251203171251.9 | ||
| 035 | _a(NLR Aleph) 009764671 | ||
| 090 |
_a10032499 _c10032499 |
||
| 100 | _a20071114d1918 u y0rusy50 ca | ||
| 101 | 0 | _arus | |
| 102 | _aRU | ||
| 200 | 1 |
_aЕдиная трудовая школа _fДокл. П.Н.Лепешинского и В.М.Познера, прочит. на пленарном заседании 28 авг. 1918 г. [и др. материалы] _g1-й Всерос. съезд по просвещению |
|
| 210 |
_aМ. _d1918 |
||
| 215 |
_a12 с. _d36 см |
||
| 620 | _dМосква | ||
| 702 | 1 |
_4340 _7ca _8rus _aЛепешинский _bП. Н. _cд-р ист. наук, деятель революц. движения _f1868-1944 _gПантелеймон Николаевич _9210968 _3RU\NLR\AUTH\770211024 |
|
| 702 | 1 |
_7ca _8rus _aПознер _bВ. М. _cгос. деятель _f1877-1957 _gВиктор Маркович _9172521 _3RU\NLR\AUTH\770172572 |
|
| 801 | 0 |
_aRU _bNLR _c20071114 |
|
| 899 | _aРГБ | ||
| 899 | _aРГБ | ||
| 942 | _cBOOK | ||
| 980 | _aNB | ||
| 980 | _aA1SV | ||